| 000 | 00715cab a2200217 4500 | ||
|---|---|---|---|
| 001 | WB3007-39 | ||
| 008 | 090401t1994 xxu||||| |||| 00| 0 eng d | ||
| 035 | _a(Sirsi) u71627 | ||
| 041 | _aeng | ||
| 245 | _aCouncil tax revaluation reduction | ||
| 260 | _c1994 | ||
| 350 | _a0 | ||
| 490 |
_aDaily Telegraph _v18 Februry 1994, 2(1) |
||
| 520 | _aFamilies in the Newtown area of Reading have won a £67 council tax revaluation reduction after Reading BC decided that the property should be downgraded from Band C to Band B although no appeal had been lodged. | ||
| 650 | _aBANDING | ||
| 650 | _aCOUNCIL TAX | ||
| 650 | _aREVALUATION | ||
| 690 | _aRATING AND VALUATION | ||
| 942 | _n0 | ||
| 948 | _c04/03/1997 | ||
| 999 |
_c45182 _d45182 |
||